Регионална библиотека "Любен Каравелов" - Русе

Бата (Запис номер 136064)

MARC детайли
000 -Лидер
Контролно поле с фиксирана дължина 01393nam a2200373 c 4500
003 - Код на организацията, давaща контролен номер
Контролно поле BLK
005 - Дата и час на последна редакция
Контролно поле 20180420232806.0
008 - Елементи от данни с фиксирана дължина
fixed length control field 180409b bul|||||r ||||||| ||bul||
010 ## - Наследен системен номер
LC control number KNG00142000000
020 ## - Международен стандартен номер на книга ISBN
Международен стандартен номер на книга ISBN 978-954-471-117-7
-- издат.: Либра Скорп
040 ## - Източник на каталожния запис
Идентификатор на билиотеката - собственик на записа BLK
041 ## - Код за език
Код за езика на текст/звукозапис или на отделно заглавие Български
Код за езика КДБФ Български
072 #7 - Код за тематичната категория
Код организация bullib
Код за тематична категория Н92
Текст История Н
080 ## - УДК
Текстов определител УДК Краезнание
УДК код - определител по УДК 908
УДК определител (497.23-22)
УДК - код + определител 908(497.23-22)
100 1# - Редна дума - Автор
Автор Момчева, Денка Петрова
Авторска отговорност първи автор
R(LIN) 325146
139 ## - Редно поле
Редна дума Момчева, Денка Петрова и др.
Авторски знак Мом - М 84
245 10 - Сведения за заглавието
Заглавие Бата
Подзаглавни данни Вчера, днес и утре : Летопис
Редно поле (дума) Денка Петрова Момчева; съавт. Никола Георгиев Момчев.
257 ## - Страна на издаване
Страна на създаване/издаване България
260 ## - Област на издателските данни
-- Бургас
Име на издателя, разпространителя и проч. Либра Скорп
Година на издаване 2011
Печатница Бургас : Информа Принт
300 ## - Физическа характеристика
Страници 232 с.
Илюстрации и др. с ил., портр.
Размери/Мащаб 22 см
380 ## - Жанр
Жанр История
650 #4 - Допълнително описание по предмет – тема
Основно описание – тема или топоним Села - България - история
9 (RLIN) 243048
651 #4 - Допълнително описание по предмет - топоним
Географско понятие Бата
9 (RLIN) 178584
651 #4 - Допълнително описание по предмет - топоним
Географско понятие Бургаско
9 (RLIN) 178677
653 ## - Ключова дума – ненормативна
Ключова дума краезнание
653 ## - Ключова дума – ненормативна
Ключова дума села
659 ## - Тематичен бюлетин
Тематичен бюлетин Н
700 1# - Други автори (авторска отговорност)
Лично име Момчев, Никола Георгиев
Автороска отговорност (Описва отношението между автора и произведението) съавт.
9 (RLIN) 325147
852 ## - Местоположение
Форматна сигнатура Цб 259256
856 4# - Електронен адрес и достъп
Електронен формат pdf - файл
Път до файла /url/
856 4# - Електронен адрес и достъп
Електронен формат pdf - файл
Път до файла /url/
942 ## - АРТИКУЛИ
Вид на библиотечния материал Книги
Скрит в OPAC Не
944 ## - СЪЗДАВАНЕ И РЕДАКЦИЯ на ЗАПИСА
Създаване/Редакция Създаване
Дата на регистрацията/редакция 15.04.2013
Служител, извършил регистрацията/редакцията Наталия_Медовщикова
944 ## - СЪЗДАВАНЕ И РЕДАКЦИЯ на ЗАПИСА
Създаване/Редакция Редакция
Дата на регистрацията/редакция 02.09.2013
Служител, извършил регистрацията/редакцията
999 ## - СИСТЕМНИ КОНТРОЛНИ НОМЕРА
Koha biblionumber 136064
Koha biblioitemnumber 136064
Наличности
Код за отписване Код за изгубен артикул Код за повреда Коз за рестрикции Код за отдаване Артикулен № Име на библиотеката - собственик Име на библиотеката, в която се намира в момента Статус (Текущо местоположение) Дата на вписване в системата Местоположение - отдел Цена в лева Инвентарен номер Систематично азбучна сигнатура Баркод Номер на екземпляра Цена в евро Служебна бележка Служебен тип на артикула
  Не е изгубен Не е повреден без рестрикции ползва се в читалня 222397 Регионална библиотека "Любен Каравелов" Русе Регионална библиотека "Любен Каравелов" Русе Хранилище 2013-04-15 Хранилище 9.00 120000765782 Цб 259256 120000765782 1 4.60 Дост: Dp Вид: Д N: 2 Дата: 16.01.2012 Книги
Vip Innovations Ltd, Rousse, Bulgaria 2025